Castellano 6

Gespeichert in:
Bibliographische Detailangaben
1. Verfasser: Elton B., Isabel
Weitere Verfasser: Cáceres F., María Angélica Arellano L., Adriano
Format: Buch
Sprache:Spanisch
Erschienen: Santiago de Chile Arrayán Editores Siglo XXI S.A. 1996
Ausgabe:3° ed
Katalog:MANES:  Suchergebnis im Bibliothekskatalog
Schulbuchspezifische Eigenschaften:
Tags: Tag hinzufügen
Keine Tags, Fügen Sie den ersten Tag hinzu!
Hinzugefügt zu:11.02.2020
Geändert in:25.04.2025

MARC

LEADER 00000nam a22000007a 4500
005 20250425101448.0
008 200212b ||||| |||| 00| 0 spa d
040 |a MGM 
561 |5 cl-MGM  |3 T 372.6 E51cf 1996 c.1  |a Chile. Museo Gabriela Mistral  |k MANES 
999 |c 87883  |d 87883 
100 |9 28081  |a Elton B., Isabel 
245 |a Castellano 6 
250 |a 3° ed 
260 |a Santiago de Chile  |b Arrayán Editores Siglo XXI S.A.   |c 1996 
300 |a 176 p.  |c 26,4 x 18 cm 
521 |a Impreso por Morgan Impresores S.A.  
546 |a Chile  
690 |a LEN 
691 |a PRI 
700 |9 28082  |a Cáceres F., María Angélica  |9 28083  |a Arellano L., Adriano 
942 |2 ddc  |c BK 
999 |c manes:87883  |d 87883